Centroamérica: Pobreza y empleo rural

Сохранить в:
Библиографические подробности
Соавтор: Organización Internacional del Trabajo
Формат: Текст
Опубликовано: Ginebra: OIT.PREALC
Метки: Добавить метку
Нет меток, Требуется 1-ая метка записи!

MARC

LEADER 00000 a a2200000 04500
001 32859
003
040
090 |a 204800  
110 |a Organización Internacional del Trabajo  
245 |a Centroamérica: Pobreza y empleo rural  
260 |a Ginebra:   |b OIT.PREALC  
300 |a 341 p.  
999 |c 14385  |d 14385